Arctic Monkeys Lyrics - Golden Trunks - Statistics

General Stats
  • This quiz has been taken 34 times
  • The average score is 106 of 144
Answer Stats
Lyrics % Correct
I
95%
in
90%
In
90%
my
90%
The
90%
the
90%
to
90%
a
86%
golden
86%
trunks
86%
You
86%
you
86%
about
81%
And
81%
be
81%
ear
81%
fantasise
81%
free
81%
I'll
81%
it
81%
Last
81%
leader
81%
night
81%
of
81%
response
81%
So
81%
sometimes
81%
sometimes,
81%
too
81%
what
81%
whispered
81%
world
81%
me
76%
scary
76%
tight
76%
upfront,
76%
voice
76%
Reminds
71%
ring
71%
wearing
71%
when
71%
When
71%
wrestler
71%
as
67%
daytime
67%
he
67%
his
67%
its
67%
makes
67%
tune
67%
way
67%
with
67%
your
67%
admit,
62%
choice
62%
eyelids
62%
got
62%
He's
62%
leaves
62%
must
62%
sen
62%
slowly
62%
They
62%
without
62%
dropped
57%
love
57%
play
57%
psyche's
57%
theme
57%
true
57%
enough
52%
for
52%
him
52%
I'm
52%
you've
52%
heard
48%
Subcommittee
48%
sure
48%
grip,
43%
takes
43%
Bendable
38%
figures
38%
publicise
38%
sang
38%
else
33%
fresh
33%
lies
33%
new
33%
pack
33%
Summat
29%
No matching quizzes found
Score Distribution
Percent of People with Each Score
Percentile by Number Answered
Your Score History
You have not taken this quiz